Canada Players Biggest Transfers - Statistics

General Stats
  • This quiz has been taken 42 times
  • The average score is 10 of 35
Answer Stats
Player From Joined % Correct
LB Alphonso Davies 18/19 Vancouver Whitecaps Bayern Munich
100%
ST Jonathan David 20/21 Gent Lille
87%
DM Atiba Hutchinson 05/06 Helsingborgs Kobenhavn
58%
DM Atiba Hutchinson 04/05 Osters Helsingborgs
58%
ST Cyle Larin 23/24 Real Valladolid Mallorca
58%
ST Cyle Larin 17/18 Orlando City Besiktas
58%
ST Cyle Larin 23/24 Club Brugge Real Valladolid
58%
LW Junior Hoilett 12/13 Blackburn Rovers Queens Park Rangers
42%
CM Stephen Eustaquio 22/23 Pacos de Ferreira Porto
42%
CM Stephen Eustaquio 18/19 Chaves Cruz Azul
42%
CM Stephen Eustaquio 20/21 Cruz Azul Pacos de Ferreira
42%
RB Alistair Johnston 22/23 Montreal Celtic
32%
RW Tajon Buchanan 21/22 New England Revolution Club Brugge
32%
LW Liam Millar 21/22 Liverpool Basel
26%
ST Rob Friend 06/07 Molde Heerenveen
26%
ST Rob Friend 10/11 Borussia Monchengladbach Hertha Berlin
26%
ST Rob Friend 07/08 Heerenveen Borussia Monchengladbach
26%
CM Ismael Kone 22/23 Montreal Watford
23%
ST Olivier Occean 12/13 Greuther Furth Eintracht Frankfurt
19%
ST Olivier Occean 05/06 Odd Lillestrom
19%
CB Doneil Henry 14/15 Apollon Limassol West Ham United
16%
ST Lucas Cavallini 19/20 Puebla Vancouver Whitecaps
16%
ST Lucas Cavallini 18/19 Penarol Puebla
16%
ST Tomasz Radzinski 01/02 Anderlecht Everton
16%
ST Tomasz Radzinski 04/05 Everton Fulham
16%
ST Ike Ugbo 21/22 Chelsea Genk
10%
ST Ike Ugbo 22/23 Genk Troyes
10%
LW Jayden Nelson 22/23 Toronto Rosenborg
10%
LB Same Adekugbe 23/24 Hatayspor Vancouver Whitecaps
10%
ST Iain Hume 08/09 Leicester City Barnsley
6%
ST Iain Hume 10/11 Barnsley Preston North End
6%
LM Jim Brennan 99/00 Bristol City Nottingham Forest
6%
ST Paul Peschisolido 97/98 West Bromwich Albion Fulham
6%
RB Juan Cordova 17/18 San Felipe Huachipato
3%
GK Lars Hirschfeld 07/08 Rosenborg CFR Cluj
0%
No matching quizzes found
Score Distribution
Percent of People with Each Score
Percentile by Number Answered
Your Score History
You have not taken this quiz